| 000 | 00510pab a2200169 454500 | ||
|---|---|---|---|
| 008 | 180718b2004 xxu||||| |||| 00| 0 eng d | ||
| 100 | _aJimenez, Fernando | ||
| 245 | _aThe politics of scandal in Spain: mortality plays, social trust, and the battle for public opinion | ||
| 260 | _c2004 | ||
| 300 | _ap.1099-121. | ||
| 362 | _aApr | ||
| 650 | _aCorruption - Spain | ||
| 650 | _aPolitical corruption - Spain | ||
| 650 | _aPolitical corruption | ||
| 773 | _aAmerican Behavioral Scientist | ||
| 909 | _a59931 | ||
| 999 |
_c59931 _d59931 |
||